00327nam a2200121Ia 4500008004100000082002100041100001900062245004300081250000800124260004400132300001000176650001900186150201s2001 xx 000 0 und d a617.6061bA2001N aNEWMAN, MICHEL aANTIOBIOTIC & ANTIOMIENOBIAL USE IN OP a1ST bQUINTESSENCE PUBLICATIONaCHICAGOc2001 a1-288 aORAL PATHOLOGY